Entry Nombre personal
001 - NÚMERO DE CONTROL
- campo de control: 242191
003 - IDENTIFICADOR DE NÚMERO DE CONTROL
- campo de control: SpMaBN
005 - FECHA Y HORA DE LA ÚLTIMA TRANSACCIÓN
- campo de control: 20250902174544.0
008 - ELEMENTOS DE DATO DE LONGITUD-FIJA
- campo de control de longitud fija: 901120n| a||nnaaa a aaa |
016 ## - NÚMERO DE CONTROL DE UNA AGENCIA BIBLIOGRÁFICA NACIONAL
- Número de control del registro: BNE19900072380
024 7# - IDENTIFICADOR DE OTROS ESTÁNDARES
- Número estándar o código: http://viaf.org/viaf/54147956/
- Fuente: viaf
024 8# - IDENTIFICADOR DE OTROS ESTÁNDARES
- Número estándar o código: https://data.cervantesvirtual.com/person/2953
024 8# - IDENTIFICADOR DE OTROS ESTÁNDARES
- Número estándar o código: http://pares.mcu.es:80/ParesBusquedas20/catalogo/autoridad/131 470
024 7# - IDENTIFICADOR DE OTROS ESTÁNDARES
- Número estándar o código: https://isni.org/isni/0000000368641974
- Fuente: isni
024 7# - IDENTIFICADOR DE OTROS ESTÁNDARES
- Número estándar o código: http://www.wikidata.org/entity/Q5878
- Fuente: wikidata
040 ## - FUENTE DE CATALOGACIÓN
- Centro catalogador/agencia de origen: SpMaBN
- Lengua de catalogación: spa
- Centro/agencia transcriptor: SpMaBN
- Normas de descripción: rdc
- Convención/Normas de encabezamiento de materia/tesauro: embne
046 ## - FECHAS CON CODIFICACIÓN ESPECIAL
- Fecha de nacimiento: 1927
- Fecha de la muerte: 2014
080 #0 - NÚMERO DE LA CLASIFICACIÓN DECIMAL UNIVERSAL
- Número de la Clasificación Decimal Universal: 821.134.2(861)..."19"
100 1# - ENCABEZAMIENTO-NOMBRE DE PERSONA
- Nombre de persona: García Márquez, Gabriel,
- Fechas asociadas al nombre: 1927-2014
370 ## - LUGAR ASOCIADO
- Lugar de nacimiento: Aracataca, Magdalena, Colombia
370 ## - LUGAR ASOCIADO
- Lugar de fallecimiento: Ciudad de México, México
372 ## - CAMPO DE ACTIVIDAD
- Campo de actividad: Literatura Española
- Fuente de información: (Dialnet)
373 ## - GRUPO ASOCIADO
- Grupo asociado: Academia de las Artes de la RDA
- Grupo asociado: Realismo mágico
- Fuente de información: Wikidata
374 ## - OCUPACIÓN
- Ocupación: Escritores
- Ocupación: Guionistas
- Ocupación: Editores
- Ocupación: Escritores
- Ocupación: Dramaturgos
- Ocupación: Periodistas
- Ocupación: Escritores
- Ocupación: Novelistas
- Fuente de información: Wikidata
375 ## - GÉNERO/SEXO
- Género: Masculino
377 ## - IDIOMA ASOCIADO
- Término de lengua/lenguaje: Español
400 0# - TRAZADO DE VÉASE--NOMBRE DE PERSONA
- Nombre de persona: Gabo
- Fechas asociadas al nombre: 1927-2014
400 1# - TRAZADO DE VÉASE--NOMBRE DE PERSONA
- Nombre de persona: Garsia Markes, Gabriel'
- Fechas asociadas al nombre: 1927-2014
400 1# - TRAZADO DE VÉASE--NOMBRE DE PERSONA
- Nombre de persona: García Márquez, Gabriel José de la Concordia
- Fechas asociadas al nombre: 1927-2014
670 ## - FUENTE DE DATOS ENCONTRADOS
- Cita de la fuente: Cien años de soledad, 1993
- Información encontrada: port. (Gabriel García Márquez)
670 ## - FUENTE DE DATOS ENCONTRADOS
- Cita de la fuente: Aquellos tiempos con Gabo, 2000
670 ## - FUENTE DE DATOS ENCONTRADOS
- Cita de la fuente: Izbrannye proizvedeniia, 1989
- Información encontrada: port. (Gabriel' Garsia Markes)
670 ## - FUENTE DE DATOS ENCONTRADOS
- Cita de la fuente: Dic. de literatura española e hispanoamericana, 1993
- Información encontrada: (García Márquez, Gabriel (Aracataca, Colombia, 1928); Premio Nobel de literatura en 1982)
670 ## - FUENTE DE DATOS ENCONTRADOS
- Cita de la fuente: WWW BN Colombia cat., 12-4-2007
- Información encontrada: (García Márquez, Gabriel, 1927-)
670 ## - FUENTE DE DATOS ENCONTRADOS
- Cita de la fuente: WWW BBC Mundo, 12-4-2007
- Información encontrada: (Gabriel García Marquez; n. 6-3-1927, así lo afirma su hermano aunque él mismo y un certificado apuntan su nacimiento en 1928)
670 ## - FUENTE DE DATOS ENCONTRADOS
- Cita de la fuente: WWW Wikipedia, 21-4-2014
- Información encontrada: (Gabriel García Márquez [García Márquez, Gabriel José de la Concordia]; n. Aracataca, Magdalena, 6 de marzo de 1927, m. Ciudad de México, 17 de abril de 2014; n. en 1927 y no en 1928 como se creyó durante mucho tiempo)
- Identificador Uniforme de Recursos: http://es.wikipedia.org/wiki/Gabriel_Garc%C3%ADa_M%C3%A1rquez
